| 000 | 00806cam a2200241 4500 | ||
|---|---|---|---|
| 001 | ABS61945 | ||
| 008 | 000000n2000 000 0 eng u | ||
| 035 | _a(Sirsi) u104281 | ||
| 100 | _aWalker, H. | ||
| 245 | _aWhat penalty for safety cases; damages or prison? | ||
| 260 | _c2000 | ||
| 490 |
_aBuilding Trade and Industry _v16(2) February 2000 7(1) |
||
| 520 | _aDescribes the various penalties which can be imposed by the courts following health and safety incidents and the proposed legislation which will force employers to find root causes. | ||
| 590 | _aABS | ||
| 650 | _aHEALTH AND SAFETY EXECUTIVE | ||
| 650 | _aHSE | ||
| 650 | _aPERSONAL INJURY | ||
| 650 | _aCORPORATE MANSLAUGHTER | ||
| 650 | _aACCIDENTS | ||
| 650 | _aRIDDOR | ||
| 690 |
_aHealth and safety _96244 |
||
| 942 | _n0 | ||
| 999 |
_c62564 _d62564 |
||